000 00483nam a2200157 i 4500
001 102059
003 ES-MaACL
005 20230906183034.0
007 t|
008 051103s1935 sp ||||1| spa d
110 2 _aSindicato Agrícola del Norte de Tenerife.
_96600
245 1 0 _aMemoria correspondiente al ejercicio de 1934 /
_cSindicato Agrícola del Norte de Tenerife.
260 _aLa Orotava, Tenerife :
_b[s.n.],
_c1935.
300 _c28 cm.
852 _aES-MaACL
_j1802-F-15
999 _c102059
_d102059